[Event "IECG CA.2003.0.00099 email"]
[Site "IECG email"]
[Date "2003.07.05"]
[Round "?"]
[White "Balcazar Novoa, Luis Marcos"]
[Black "Petersson, Daniel"]
[Result "1-0"]
[WhiteElo "2109"]
[BlackElo "2091"]
[PlyCount "39"]
[EventDate "2003.07.05"]
[EventType "tourn (corr)"]
[EventRounds "6"]
[SourceTitle "Corr 2008"]
[Source "ChessBase"]
[SourceDate "2008.06.24"]
[SourceVersion "1"]
[SourceVersionDate "2008.06.24"]
[SourceQuality "1"]

1. c4 Nf6 2. d4 c5 3. d5 b5 4. cxb5 a6 5. e3 axb5 6. Bxb5 Qa5+ 7. Nc3 Bb7 8. Nge2 Nxd5 9. 0-0 Nxc3 10. Nxc3 e6 11. Qd3 Be7 12. Bd2 Qc7 13. e4 0-0 14. Bc4 Rd8 15. Nb5 Qe5 16. Rfe1 Nc6 17. Bc3 Qf4 18. Rad1 Ne5 19. Bxe5 Qxe5 20. Nd6 1-0

[Event "IECG CA.2003.0.00099 email"]
[Site "IECG email"]
[Date "2003.07.05"]
[Round "?"]
[White "Petersson, Daniel"]
[Black "Brousek, Jiri"]
[Result "1/2-1/2"]
[WhiteElo "2091"]
[BlackElo "2098"]
[PlyCount "39"]
[EventDate "2003.07.05"]
[EventType "tourn (corr)"]
[EventRounds "6"]
[SourceTitle "Corr 2008"]
[Source "ChessBase"]
[SourceDate "2008.06.24"]
[SourceVersion "1"]
[SourceVersionDate "2008.06.24"]
[SourceQuality "1"]

1. d4 e6 2. e4 d5 3. e5 c5 4. c3 Qb6 5. Nf3 Bd7 6. Be2 cxd4 7. cxd4 Bb5 8. 0-0 Bxe2 9. Qxe2 Qa6 10. Qxa6 Nxa6 11. Nc3 Ne7 12. a3 Nc6 13. Be3 Rc8 14. Rfc1 Nab8 15. h4 Nd7 16. Ne2 f6 17. Rc3 Kf7 18. Nf4 Be7 19. Rac1 a5 20. h5 1/2-1/2

[Event "IECG L1.2000.0.00015 email"]
[Site "IECG email"]
[Date "2000.07.19"]
[Round "?"]
[White "Petersson, Daniel"]
[Black "Borst, John C"]
[Result "0-1"]
[WhiteElo "2045"]
[BlackElo "1969"]
[PlyCount "52"]
[EventDate "2000.07.19"]
[EventType "tourn (corr)"]
[EventRounds "15"]
[SourceTitle "Corr 2008"]
[Source "ChessBase"]
[SourceDate "2008.06.24"]
[SourceVersion "1"]
[SourceVersionDate "2008.06.24"]
[SourceQuality "1"]

1. d4 d5 2. c4 c6 3. Nf3 e6 4. Nc3 dxc4 5. e4 b5 6. a4 Bb4 7. Bg5 Ne7 8. Be2 0-0 9. 0-0 a5 10. Qc2 Ba6 11. Rfd1 f6 12. Bf4 Qd7 13. Bg3 Rd8 14. h3 Bb7 15. b3 cxb3 16. Qxb3 Bxc3 17. Qxc3 b4 18. Qc5 Ng6 19. Rac1 Kh8 20. Nd2 Qc8 21. Nc4 Ba6 22. Nd6 Qc7 23. Bh5 Qe7 24. e5 Nd7 25. Qxc6 Ra7 26. Qc2 f5 0-1

[Event "IECG L1.1999.0.00005 email"]
[Site "IECG email"]
[Date "1999.09.06"]
[Round "?"]
[White "Campbell, Samuel"]
[Black "Petersson, Daniel"]
[Result "1/2-1/2"]
[WhiteElo "1975"]
[BlackElo "1722"]
[PlyCount "58"]
[EventDate "1999.09.06"]
[EventType "tourn (corr)"]
[EventRounds "14"]
[SourceTitle "Corr 2008"]
[Source "ChessBase"]
[SourceDate "2008.06.24"]
[SourceVersion "1"]
[SourceVersionDate "2008.06.24"]
[SourceQuality "1"]

1. d4 d5 2. c4 c6 3. Nf3 Nf6 4. Nc3 dxc4 5. a4 Bf5 6. e3 e6 7. Bxc4 Bb4 8. 0-0 0-0 9. Qe2 Bg6 10. Ne5 Nbd7 11. Nxg6 hxg6 12. Rd1 Qa5 13. Na2 Qxa4 14. e4 Nb6 15. Bd3 Rfd8 16. e5 Nh7 17. Bc2 Qa5 18. h4 Nd5 19. h5 gxh5 20. Bxh7+ Kxh7 21. Qxh5+ Kg8 22. Bg5 Be7 23. Nc3 Qc7 24. Ne4 f6 25. exf6 Bxf6 26. Bxf6 Nxf6 27. Nxf6+ gxf6 28. Ra3 Rd5 29. Qg4+ Rg5 1/2-1/2

[Event "IECG L1.1999.0.00005 email"]
[Site "IECG email"]
[Date "1999.09.06"]
[Round "?"]
[White "Di Tolla, Francesco"]
[Black "Petersson, Daniel"]
[Result "1/2-1/2"]
[WhiteElo "1967"]
[BlackElo "1722"]
[PlyCount "54"]
[EventDate "1999.09.06"]
[EventType "tourn (corr)"]
[EventRounds "14"]
[SourceTitle "Corr 2008"]
[Source "ChessBase"]
[SourceDate "2008.06.24"]
[SourceVersion "1"]
[SourceVersionDate "2008.06.24"]
[SourceQuality "1"]

1. d4 d5 2. c4 c6 3. Nf3 Nf6 4. Nc3 dxc4 5. a4 Bf5 6. e3 e6 7. Bxc4 Bb4 8. 0-0 0-0 9. Qe2 Bg6 10. Ne5 Nbd7 11. Nxg6 hxg6 12. Rd1 Qa5 13. Bd2 e5 14. d5 Rad8 15. dxc6 bxc6 16. Be1 e4 17. Qc2 Ne5 18. Be2 Rxd1 19. Rxd1 Rd8 20. Rxd8+ Qxd8 21. Bd2 Qd6 22. Nb1 c5 23. Bc3 Neg4 24. g3 Qe6 25. Bxf6 Nxf6 26. Nc3 Qe5 27. Bc4 Qf5 1/2-1/2

[Event "IECG L1.1999.0.00005 email"]
[Site "IECG email"]
[Date "1999.09.06"]
[Round "?"]
[White "Hanegby, Avigdor"]
[Black "Petersson, Daniel"]
[Result "0-1"]
[WhiteElo "1877"]
[BlackElo "1722"]
[PlyCount "58"]
[EventDate "1999.09.06"]
[EventType "tourn (corr)"]
[EventRounds "14"]
[SourceTitle "Corr 2008"]
[Source "ChessBase"]
[SourceDate "2008.06.24"]
[SourceVersion "1"]
[SourceVersionDate "2008.06.24"]
[SourceQuality "1"]

1. f4 e5 2. fxe5 d6 3. exd6 Nf6 4. Nf3 Bxd6 5. d4 0-0 6. Bg5 Re8 7. Qd3 Nc6 8. c3 h6 9. Bh4 g5 10. Bf2 Ne4 11. Nbd2 Nxf2 12. Kxf2 g4 13. Ne1 Bf4 14. Nc2 Qf6 15. Ke1 Bf5 16. e4 Bxd2+ 17. Qxd2 Bxe4 18. Ne3 Qf4 19. Be2 Bf3 20. gxf3 gxf3 21. Kf2 fxe2+ 22. Kxe2 Qg4+ 23. Kf2 Qh4+ 24. Kf1 Kf8 25. Re1 Qh3+ 26. Kg1 Re6 27. Nf1 Rg6+ 28. Ng3 h5 29. Qf4 h4 0-1

[Event "IECG L1.1999.0.00005 email"]
[Site "IECG email"]
[Date "1999.09.06"]
[Round "?"]
[White "Petersson, Daniel"]
[Black "Fages, Jorge Juan"]
[Result "1-0"]
[WhiteElo "1722"]
[BlackElo "1806"]
[PlyCount "45"]
[EventDate "1999.09.06"]
[EventType "tourn (corr)"]
[EventRounds "14"]
[SourceTitle "Corr 2008"]
[Source "ChessBase"]
[SourceDate "2008.06.24"]
[SourceVersion "1"]
[SourceVersionDate "2008.06.24"]
[SourceQuality "1"]

1. d4 Nf6 2. Bg5 Ne4 3. Bf4 c5 4. f3 Qa5+ 5. c3 Nf6 6. d5 Qb6 7. b3 e6 8. e4 exd5 9. exd5 Bd6 10. Bg5 Be7 11. c4 0-0 12. Nc3 Re8 13. Nge2 d6 14. Qc2 Na6 15. a3 Nd7 16. Bxe7 Rxe7 17. 0-0-0 Nf8 18. Ng3 Bd7 19. Bd3 Rae8 20. Bf5 g6 21. Nce4 Rxe4 22. Nxe4 Bxf5 23. Nf6+ 1-0

[Event "IECG L1.1999.0.00005 email"]
[Site "IECG email"]
[Date "1999.09.06"]
[Round "?"]
[White "Petersson, Daniel"]
[Black "Kulvietis, Marijus"]
[Result "1/2-1/2"]
[WhiteElo "1722"]
[BlackElo "1991"]
[PlyCount "32"]
[EventDate "1999.09.06"]
[EventType "tourn (corr)"]
[EventRounds "14"]
[SourceTitle "Corr 2008"]
[Source "ChessBase"]
[SourceDate "2008.06.24"]
[SourceVersion "1"]
[SourceVersionDate "2008.06.24"]
[SourceQuality "1"]

1. d4 d5 2. c4 c6 3. Nf3 Nf6 4. Nc3 dxc4 5. a4 Bf5 6. Ne5 e6 7. f3 Bb4 8. e4 Bxe4 9. fxe4 Nxe4 10. Qf3 Qxd4 11. Qxf7+ Kd8 12. Bg5+ Nxg5 13. Qxg7 Bxc3+ 14. bxc3 Qxc3+ 15. Ke2 Qc2+ 16. Ke1 Qc3+ 1/2-1/2